Zkušenosti s rozvojem průmyslových zón v Irsku - komercializace průmyslových zón
Politika a prax Írskej rozvojovej agentúry (IDA) pri získavaní nových investorov do priemyselných zón v Írsku. Legislatíva, funkcie pravidlá a postupy IDA. Charakteristika procesu získavania investorov a kritériá pre prideľovanie investičných ponúk.
Saved in:
| Main Author: | |
|---|---|
| Other Authors: | , |
| Format: | Book Chapter |
| Language: | Czech |
| Subjects: | |
| Tags: |
No Tags, Be the first to tag this record!
|
MARC
| LEADER | 00000naa$a2200000$$$4500 | ||
|---|---|---|---|
| 001 | 0051482 | ||
| 005 | 20231017065854.3 | ||
| 041 | 0 | |a cze | |
| 044 | |a CZ | ||
| 245 | 1 | 0 | |a Zkušenosti s rozvojem průmyslových zón v Irsku - komercializace průmyslových zón |c Halina Starzyczná, Lidmila Janečková, Pavlína Pellešová |
| 520 | |a Politika a prax Írskej rozvojovej agentúry (IDA) pri získavaní nových investorov do priemyselných zón v Írsku. Legislatíva, funkcie pravidlá a postupy IDA. Charakteristika procesu získavania investorov a kritériá pre prideľovanie investičných ponúk. | ||
| 610 | 2 | 0 | |a investície zahraničné |
| 610 | 2 | 0 | |a agentúry |
| 610 | 2 | 0 | |a zóny |
| 610 | 2 | 0 | |a parky priemyselné |
| 610 | 2 | 0 | |a Írsko |
| 610 | 2 | 0 | |a podnikanie |
| 610 | 2 | 0 | |a klaster |
| 610 | 2 | 0 | |a inovácia |
| 610 | 2 | 0 | |a prostredie podnikateľské |
| 610 | 2 | 0 | |a stratégia investičná |
| 610 | 2 | 0 | |a rozhodovanie investičné |
| 100 | 1 | |a Starzyczná, Halina | |
| 700 | 1 | |a Janečková, Lidmila | |
| 700 | 1 | |a Pellešová, Pavlína | |